Normal view
MARC view
Entry Nombre geográfico
001 - NÚMERO DE CONTROL
- campo de control: 206103
003 - IDENTIFICADOR DE NÚMERO DE CONTROL
- campo de control: mxcmmo
005 - FECHA Y HORA DE LA ÚLTIMA TRANSACCIÓN
- campo de control: 20250610115251.0
008 - ELEMENTOS DE DATO DE LONGITUD-FIJA
- campo de control de longitud fija: 250610|| aca||aabn | a|a d
040 ## - FUENTE DE CATALOGACIÓN
- Centro catalogador/agencia de origen: mxcmmo
- Lengua de catalogación: spa
- Centro/agencia transcriptor: mxcmmo
- Normas de descripción: rda
151 1# - ENCABEZAMIENTO--NOMBRE GEOGRÁFICO
- Nombre geográfico: Cabaiguán (Cuba)
- Subdivisión general: Vida social y costumbres
- Subdivisión general: Influencias españolas